Dark Souls 1 - NPCs - Statistics

General Stats
  • This quiz has been taken 27 times
  • The average score is 28 of 47
Answer Stats
Picture Answer % Correct
Andre of Astora
91%
Havel the Rock
91%
Patches the Hyena
91%
Solaire of Astora
86%
Big Hat Logan
82%
Crossbreed Priscilla
82%
Dark Sun Gwyndolin
82%
Kingseeker Frampt
77%
Siegmeyer of Catarina
77%
Knight Lautrec of Carim
73%
Maneater Mildred
73%
Elizabeth
68%
Giant Blacksmith
68%
Oscar of Astora
68%
Princess Gwynevere
68%
Blacksmith Vamos
64%
Griggs of Vinheim
64%
Hawkeye Gough
64%
Quelana of Izalith
64%
Shiva of the East
64%
Dusk of Oolacile
59%
Knight Kirk
59%
Petrus of Thorolund
59%
Sieglinde of Catarina
59%
Darkstalker Kaathe
55%
Iron Knight Tarkus
55%
Lord's Blade Ciaran
55%
Paladin Leeroy
55%
Undead Merchant (Female)
55%
Undead Merchant (Male)
55%
Anastacia of Astora
50%
Crestfallen Warrior
50%
Marvelous Chester
50%
Blacksmith Rickert of Vinheim
45%
Crestfallen Merchant
45%
Laurentius of the Great Swamp
45%
Nico of Thorrolund
45%
Daughter of Chaos
41%
Ingward
41%
King Jeremiah
41%
Vince of Thorrolund
41%
Oswald of Carim
36%
Reah of Thorolund
36%
Witch Beatrice
36%
Alvina of the Darkroot Wood
32%
Darkmoon Knightess
32%
Domhnall of Zena
32%
No matching quizzes found
Score Distribution
Percent of People with Each Score
Percentile by Number Answered
Your Score History
You have not taken this quiz